Statistics for NFL Rushing leader every since 2000

Click here to take the quiz!

General Stats

  • This quiz has been taken 54 times
    (21 since last reset)
  • The average score is 17 of 23

Answer Stats

Year, Team, YardsAnswer% Correct
2020, Titans, 2027Derrick Henry
100%
2019, Titans, 1540Derrick Henry
100%
2022, Raiders, 1653Josh Jacobs
100%
2015, Vikings, 1485Adrian Peterson
94%
2018, Cowboys, 1434Ezekiel Elliott
94%
2016, Cowboys, 1631Ezekiel Elliott
94%
2021, Colts, 1811Jonathon Taylor
94%
2012, Vikings, 2097Adrian Peterson
89%
2007, Chargers, 1474LaDanian Tomlinson
89%
2008, Vikings, 1760Adrian Peterson
83%
2009, Titans, 2006Chris Johnson
83%
2006, Chargers, 1815LaDanian Tomlinson
83%
2017, Chiefs, 1327Kareem Hunt
78%
2013, Eagles, 1605LeSean Mccoy
78%
2005, Seahawks, 1880Shaun Alexander
78%
2014, Cowboys, 1845Demarco Murray
72%
2010, Texans, 1616Arian Foster
56%
2001, Chiefs, 1555Priest Holmes
56%
2004, Jets, 1697Curtis Martin
44%
2003, Ravens, 2066Jamal Lewis
44%
2000, Colts, 1709Edgerrin James
39%
2011, Jaguars, 1606Maurice Jones-Drew
39%
2002, Dolphins, 1853Ricky Williams
39%

Score Distribution

Percentile by Number Answered

Percent of People with Each Score

Your Score History

You have not taken this quiz since the last reset